The tangible & intangible cultural landscape of Wadi Bani Kharus : investigations in the Sultanate of Oman /
The Tangible & Intangible Cultural Landscape of Wadi Bani Kharus: Investigations in the Sultanate of Oman presents the result of the project sponsored by Oman's Ministry of Heritage and Culture (now Heritage and Tourism) to survey one of the country's most significant valleys. The prim...
المؤلفون الرئيسيون: ,
مؤلف مشترك:
التنسيق: كتاب الكتروني
اللغة: English
منشور في:
Oxford :
Archaeopress Publishing Ltd,
2020.
الموضوعات:
الوصول للمادة أونلاين: Login to view Source
الوسوم: إضافة وسم
رقم الطلب: DS247.O63
| LEADER | 02655nam a2200445 i 4500 | ||
|---|---|---|---|
| 001 | EDZ0002411960 | ||
| 003 | StDuBDS | ||
| 005 | 20230412183000.0 | ||
| 006 | m|||||o||d|||||||| | ||
| 007 | cr ||||||||||| | ||
| 008 | 210128s2020 enkab fo 000|0|eng|d | ||
| 020 | |a 9781789698060 (PDF ebook) : |c No price | ||
| 040 | |a StDuBDS |b eng |c StDuBDS |e rda |e pn | ||
| 041 | 0 | |a eng |b ara | |
| 050 | 4 | |a DS247.O63 | |
| 082 | 0 | 4 | |a 939.49 |2 23 |
| 100 | 1 | |a Ibrahim, Moawiyah, |e author. | |
| 245 | 1 | 4 | |a The tangible & intangible cultural landscape of Wadi Bani Kharus : |b investigations in the Sultanate of Oman / |c Moawiyah M. Ibrahim & Laura M. Strachan. |
| 264 | 1 | |a Oxford : |b Archaeopress Publishing Ltd, |c 2020. | |
| 300 | |a 1 online resource (454 pages) : |b illustrations (colour), maps (colour) | ||
| 336 | |a text |2 rdacontent | ||
| 336 | |a still image |2 rdacontent | ||
| 336 | |a cartographic image |2 rdacontent | ||
| 337 | |a computer |2 rdamedia | ||
| 338 | |a online resource |2 rdacarrier | ||
| 500 | |a Also issued in print: 2020. | ||
| 500 | |a Published in association with the Ministry of Heritage and Culture, Sultanate of Oman. | ||
| 520 | 8 | |a The Tangible & Intangible Cultural Landscape of Wadi Bani Kharus: Investigations in the Sultanate of Oman presents the result of the project sponsored by Oman's Ministry of Heritage and Culture (now Heritage and Tourism) to survey one of the country's most significant valleys. The primary objective was to gain greater understanding of the area's past and present through its tangible and intangible cultural heritage. Traditional archaeological methods were bridged with those of cultural anthropology to create a wider lens for exploration and analysis. The book provides an eclectic overview of the wadi's twenty-nine communities including ancient fortresses and water distribution systems, sundials, cemeteries, tombstones and period architecture in addition to oral histories highlighting past lifeways and recent transformations. | |
| 521 | |a Specialized. | ||
| 546 | |a Text in English with an Arabic summary. | ||
| 588 | |a Description based on online resource; title from PDF title page (viewed on January 28, 2021). | ||
| 650 | 0 | |a Wadis |z Oman. | |
| 651 | 0 | |a Oman |x Antiquities. | |
| 700 | 1 | |a Strachan, Laura M., |e author. | |
| 710 | 1 | |a Oman. |b Wizārat al-Turāth wa-al-Thaqāfah, |e sponsoring body. | |
| 776 | 0 | 8 | |i Print version : |z 9781789698053 |
| 856 | 4 | 0 | |3 Archaeopress |u http://library.arce.org:8087/Archaeopress/Products/9781789698053 |
| 942 | |2 lcc |c EBOOK | ||
| 952 | |0 0 |1 0 |4 0 |6 DS0247 O63 |7 1 |9 46777 |a ARCH |b ARCH |d 2023-04-12 |l 0 |o DS247.O63 |r 2023-04-12 00:00:00 |w 2023-04-12 |y EBOOK | ||
| 999 | |c 52435 |d 52435 | ||
